<?xml version="1.0" encoding="UTF-8"?>
<collection xmlns:xsi="http://www.w3.org/2001/XMLSchema-instance" xsi:schemaLocation="http://www.loc.gov/MARC21/slim http://www.loc.gov/standards/marcxml/schema/MARC21slim.xsd" xmlns="http://www.loc.gov/MARC21/slim">
 <record>
  <leader>00000ctm a22000003a 4500</leader>
  <controlfield tag="001">UP-8027390931314102208</controlfield>
  <controlfield tag="003">Buklod</controlfield>
  <controlfield tag="005">20240401151751.0</controlfield>
  <controlfield tag="006">m    |o  d |      </controlfield>
  <controlfield tag="007">ta</controlfield>
  <controlfield tag="008">240401s        xx     d     r    |||| u|</controlfield>
  <datafield tag="035" ind1=" " ind2=" ">
   <subfield code="a">(iLib)UPVIS-00163755831</subfield>
  </datafield>
  <datafield tag="037" ind1=" " ind2=" ">
   <subfield code="a">gift</subfield>
  </datafield>
  <datafield tag="040" ind1=" " ind2=" ">
   <subfield code="a">VML/ess 04.01.2024</subfield>
  </datafield>
  <datafield tag="041" ind1=" " ind2=" ">
   <subfield code="a">eng</subfield>
  </datafield>
  <datafield tag="090" ind1=" " ind2="0">
   <subfield code="a">LG 993.5 2024 E62 M363</subfield>
  </datafield>
  <datafield tag="100" ind1="0" ind2=" ">
   <subfield code="a">Malagum, Sanny D. Jr.</subfield>
  </datafield>
  <datafield tag="245" ind1="0" ind2="0">
   <subfield code="a">Pectin-based composite scaffolds</subfield>
   <subfield code="b">a review on fabrication, characterization, and bone tissue engineering applications.</subfield>
  </datafield>
  <datafield tag="264" ind1=" " ind2="1">
   <subfield code="a">2024.</subfield>
  </datafield>
  <datafield tag="300" ind1=" " ind2=" ">
   <subfield code="a">xiii, 267 leaves.</subfield>
  </datafield>
  <datafield tag="336" ind1=" " ind2=" ">
   <subfield code="a">text</subfield>
   <subfield code="2">rdacontent</subfield>
  </datafield>
  <datafield tag="337" ind1=" " ind2=" ">
   <subfield code="a">unmmediated</subfield>
   <subfield code="2">rdamedia</subfield>
  </datafield>
  <datafield tag="338" ind1=" " ind2=" ">
   <subfield code="a">volume</subfield>
   <subfield code="2">rdacarrier</subfield>
  </datafield>
  <datafield tag="500" ind1=" " ind2=" ">
   <subfield code="a">Thesis (Undergraduate, Bachelor of Science in Chemical Engineering) School of Technology, University of the Philippines Visayas, Miagao, Iloilo. 2024.</subfield>
  </datafield>
  <datafield tag="520" ind1="3" ind2=" ">
   <subfield code="a">Bone defects pose significant human challenges, causing disability and substantial social and economic burdens. While minor defects frequently undergo natural self-repair, critical bone defects necessitate clinical intervention. Conventional bone reconstructive procedures, which entail the use of bone grafts, face crucial drawbacks. These include limited availability, infection risks, immune rejection, donor site complications, and the need for additional surgical procedures. Fortunately, bone tissue engineering (BTE), which centers on designing scaffolds that support bone regeneration, offers a promising alternative. Pectin, a heteropolysaccharide derived from terrestrial plants, has been gaining considerable attention as a scaffold material due to its non-toxic nature and degradability. Considering these favorable aspects of pectin, this review paper examined the fabrication, characterization, and BTE applications of pectin-based composite scaffolds. Significantly, pectin's anionic molecular structure enables it to form composite scaffolds with other materials.Specifically, the carboxyl groups within pectin readily create linkages with amino groups in these materials. Noteworthy, pectin-based composites exhibited strong biocompatibility with both bone and stem cells. In vivo studies have further illuminated their capacity to foster new bone formation in animal models. Additionally, pectin boasts biodegradability under physiological conditions, a feature of utmost importance eliminates the necessity for implant removal surgeries. Nevertheless, extensive in vivo assessments, well-defined translation strategies, and rigorous clinical validation are indispensable to fully unlock the potential of pectin in bone tissue regeneration applications. By aligning research with translational needs, these innovative scaffolds promise to reinforce solutions in BTE, enhancing patient outcomes.</subfield>
  </datafield>
  <datafield tag="650" ind1="1" ind2="0">
   <subfield code="a">Bone tissue engineering.</subfield>
  </datafield>
  <datafield tag="720" ind1=" " ind2=" ">
   <subfield code="a">Nava, Juniper V. Magallanes</subfield>
   <subfield code="e">Thesis adviser.</subfield>
  </datafield>
  <datafield tag="905" ind1=" " ind2=" ">
   <subfield code="a">FI</subfield>
  </datafield>
  <datafield tag="852" ind1="0" ind2=" ">
   <subfield code="a">UPVIS</subfield>
   <subfield code="b">UPV-SOTECH</subfield>
   <subfield code="h">LG 993.5 2024 E62 M363</subfield>
  </datafield>
  <datafield tag="942" ind1=" " ind2=" ">
   <subfield code="a">Thesis</subfield>
  </datafield>
 </record>
</collection>
